000
00343nam a2200145Ia 4500
008
150201s2004 xx 000 0 und d
082
_a
617.6
_b
Y2004Z
100
_a
ZARKARIASEN
245
_a
YEAR BOOK OF DENTISTRY-2004
250
_a
1ST
260
_b
MOSBY
_a
DELHI
_c
2004
300
_a
1-467
650
_a
GENERAL DENTISTRY
942
_2
ddc
_c
BK
999
_c
3769
_d
3769